01062nam a22002897a 450000500170000000800410001702000180005802000150007604000130009108200230010410000280012724500610015524600110021625000450022726000610027230000340033350000250036750000250039263000160041765000470043365000520048065300250053265500240055794200230058199900170060495201510062120201128021208.0150211t2012 xxua fr 001 0 eng d a9781259012051 a1259012050 aEG-ScBUE00222a620.00151bPAL1 aPalm, William J.93737010aIntroduction to MATLAB for engineers /cWilliam J. Palm.30aMATLAB a3rd ed.,bMcGraw-Hill international ed. aNew York, United States :bMcGraw-Hill Education,c2012. axii, 564 p. :bill. ;c23 cm. aIncludes appendixes. aIndex : p. 557-564. 009826aMATLAB 0aNumerical analysisxData processing911374 0923898aEngineering mathematicsxData processing bENGELCcFebruary2015 vreading book934232 2ddck620.00151 PAL c18959d18931 00102ddc4070aMAINbMAINc1STd2015-02-11epurchaseg256.00h21291l2m3o620.00151 PALp000037388r2025-07-15 00:00:00s2023-10-03v320.00yBB